000 00448nam a2200181Ia 4500
005 20240823033859.0
008 240823s9999||||xx |||||||||||||| ||und||
041 _aENGLISH
082 _A621.4021 N3
100 _aRoy Choudhury T
245 0 _aApplied Engineering Thermodynamics
250 _a1st
260 _c1973
_b"Tata Mcgraw Hill,New"
500 _aTRANSFERED
650 _aThermodynamics
_bMechanical
942 _cBK
999 _c196879
_d196879